| 000 | 00640nam a2200169 a 4500 | ||
|---|---|---|---|
| 008 | 120416s1982 ||||||||||||||||| || u | ||
| 050 | _aQD 79 Luc | ||
| 100 | _aLucey, Terry | ||
| 245 | 1 | 0 | _aQuantitative techniques: an instructional manual |
| 250 | _a2nd ed. | ||
| 260 |
_aHampshire _bD.P. Publications _c1982 |
||
| 350 | _a0.00 | ||
| 650 | 0 | _aCHEMISTRY--HANDBOOKS, MANUALS, ETC | |
| 650 | _aCHEMISTRY, ANALYTIC--QUANTITATIVE | ||
| 650 | 0 | _aCHEMISTRY, ANALYTIC--LABORATORY MANUALS | |
| 995 |
_D0.00 _FCBU-MAIN LIBRARY (Kitwe) _H1 _I6.04 _M1 _UAVAILABLE _ZAnnex Low-Usage Collection |
||
| 999 |
_c55466 _d55466 |
||